000 00395nam a2200181Ia 4500
005 20240823033229.0
008 240823s9999||||xx |||||||||||||| ||und||
041 _aENGLISH
082 _A813.54 Q0
100 _aNarayan R K
245 0 _aMalgudi Schooldays
250 _a1st
260 _c2010
_bPenguin
500 _aYES
650 _aGeneral
_bEnglish
942 _cBK
999 _c195322
_d195322